<?xml version="1.0" encoding="UTF-8"?>
<collection xmlns:xsi="http://www.w3.org/2001/XMLSchema-instance" xsi:schemaLocation="http://www.loc.gov/MARC21/slim http://www.loc.gov/standards/marcxml/schema/MARC21slim.xsd" xmlns="http://www.loc.gov/MARC21/slim">
 <record>
  <leader>00000ctm a22000004i 4500</leader>
  <controlfield tag="001">UP-99796217612279766</controlfield>
  <controlfield tag="003">Buklod</controlfield>
  <controlfield tag="005">20161027171416.0</controlfield>
  <controlfield tag="006">a    grb    001 u|</controlfield>
  <controlfield tag="007">ta</controlfield>
  <controlfield tag="008">161027s2016    xx     d     r    |||| u|</controlfield>
  <datafield tag="035" ind1=" " ind2=" ">
   <subfield code="a">(iLib)UPD-00259710693</subfield>
  </datafield>
  <datafield tag="040" ind1=" " ind2=" ">
   <subfield code="a">DENG</subfield>
   <subfield code="e">rda</subfield>
  </datafield>
  <datafield tag="041" ind1=" " ind2=" ">
   <subfield code="a">eng</subfield>
  </datafield>
  <datafield tag="042" ind1=" " ind2=" ">
   <subfield code="a">DMLUC</subfield>
  </datafield>
  <datafield tag="090" ind1=" " ind2=" ">
   <subfield code="a">LG 995 2016 E66</subfield>
   <subfield code="b">S43</subfield>
  </datafield>
  <datafield tag="100" ind1="1" ind2=" ">
   <subfield code="a">Sedilla, Keneth B.</subfield>
   <subfield code="e">author.</subfield>
  </datafield>
  <datafield tag="245" ind1="1" ind2="0">
   <subfield code="a">Prevalence, severity, and risk factors of work-related musculoskeletal disorders (WMSD) among stevedores in a break-bulk port terminal</subfield>
   <subfield code="c">thesis by Keneth B. Sedilla ; Aura C. Matias, adviser.</subfield>
  </datafield>
  <datafield tag="264" ind1=" " ind2="1">
   <subfield code="a">Quezon City</subfield>
   <subfield code="b">College of Engineering, University of the Philippines Diliman</subfield>
   <subfield code="c">2016.</subfield>
  </datafield>
  <datafield tag="300" ind1=" " ind2=" ">
   <subfield code="a">122 leaves in various pagings</subfield>
   <subfield code="b">color illustrations</subfield>
   <subfield code="c">28 cm</subfield>
  </datafield>
  <datafield tag="336" ind1=" " ind2=" ">
   <subfield code="a">text</subfield>
   <subfield code="2">rdacontent</subfield>
  </datafield>
  <datafield tag="337" ind1=" " ind2=" ">
   <subfield code="a">unmediated</subfield>
   <subfield code="2">rdamedia</subfield>
  </datafield>
  <datafield tag="338" ind1=" " ind2=" ">
   <subfield code="a">volume</subfield>
   <subfield code="2">rdacarrier</subfield>
  </datafield>
  <datafield tag="502" ind1=" " ind2=" ">
   <subfield code="a">Thesis (M.S. Industrial Engineering)--University of the Philippines Diliman</subfield>
   <subfield code="d">July 2016.</subfield>
  </datafield>
  <datafield tag="506" ind1=" " ind2=" ">
   <subfield code="a">Available to the general public.</subfield>
  </datafield>
  <datafield tag="520" ind1="3" ind2=" ">
   <subfield code="a">The Philippines is primarily linked to the international trade system through maritime transportation sector. The country's archipelagic configuration requires a network of various seaport terminals which enables an efficient and cost-effective flow of goods and commodities across different geographical locations. While it plays a vital role in the country's economic developments, port operations host a wide spectrum of health problems and work-related diseases. The International Labour Organization (ILO) estimates that of the total 2.34 million work-related deaths per year, 86% are due to work-related diseases which include musculoskeletal disorders. Based on the nature of work in port terminals, workers involved in vessel loading and unloading operations specifically for break-bulk cargoes carry out a set of tasks which, if not properly managed, may result to a variety of work-related musculoskeletal disorders (WMSD).  Thus, this study is intended to establish a baseline data on work-related musculoskeletal disorders on stevedoring operations in break-bulk port terminals through an ergonomic assessment. This study aims to address the problem on or investigate the prevalence, severity and risk factors that contribute to the occurrence of work-related musculoskeletal disorders among stevedores, and come up with ergonomic measures to minimize their exposure to significant risk factors. In this cross-sectional study, self-administered questionnaires with self-reported symptoms were used in conducting the surveillance for the work-related musculoskeletal disorders among the stevedores.  Overall, the results of the study has shown that WMSDs are reasonably prevalent particularly in stevedores' upper extremities. Prevalence of self-reported symptoms for musculoskeletal disorders was highest for the shoulders (64.48%), forearm (62.07%), upper back (60.34%), and lower back region (58.28%). The significant risk  factors associated with the severity level of work-related musculoskeletal symptoms were obtained using ordinal logistic regression. Moreover, Spearman's correlation and chi-squared attribute evaluation were utilized for the correlation analysis.   A wide variety of WMSD risk factors were identified from the regression models suggesting that the etiology of this condition is both complex and multifaceted. Ordinal logistic regression models for the body regions with high prevalence rates revealed a number of remarkable relationships between severity level of work-related musculoskeletal disorders and individual/work-related factors. Among the individual risk factors, 'age', 'years of work experience in the break-bulk port terminal', 'cigarette smoking', and 'alcoholic drinks consumption' were identified as significant risk factors. Furthermore, 'vessel work assignment', 'type of steel commodity', 'average number of days of work per week', 'job satisfaction', and 'job security' are the significant predictors amongst the work-related factors. Finally, based on the results of the study, specifically on the significant factors identified, ergonomic measures such as engineering and administrative controls were developed to reduce stevedores' risks exposure.</subfield>
  </datafield>
  <datafield tag="650" ind1=" " ind2="0">
   <subfield code="a">Stevedores.</subfield>
  </datafield>
  <datafield tag="650" ind1=" " ind2="0">
   <subfield code="a">Musculoskeletal system</subfield>
   <subfield code="x">Diseases.</subfield>
  </datafield>
  <datafield tag="700" ind1="1" ind2=" ">
   <subfield code="a">Matias, Aura C.</subfield>
   <subfield code="e">adviser.</subfield>
  </datafield>
  <datafield tag="905" ind1=" " ind2=" ">
   <subfield code="a">FI</subfield>
  </datafield>
  <datafield tag="905" ind1=" " ind2=" ">
   <subfield code="a">UP</subfield>
  </datafield>
  <datafield tag="852" ind1="0" ind2=" ">
   <subfield code="a">UPD</subfield>
   <subfield code="b">DARCHIVES</subfield>
   <subfield code="h">LG 995 2016 E66</subfield>
   <subfield code="i">S43</subfield>
  </datafield>
  <datafield tag="852" ind1="0" ind2=" ">
   <subfield code="a">UPD</subfield>
   <subfield code="b">DENG</subfield>
   <subfield code="h">LG 995 2016</subfield>
   <subfield code="i">E66 /S43</subfield>
  </datafield>
  <datafield tag="942" ind1=" " ind2=" ">
   <subfield code="a">Thesis</subfield>
  </datafield>
 </record>
</collection>
